Transcontinental Oceanian Air Routes with Exceptions - Statistics

General Stats
  • This quiz has been taken 74 times
  • The average score is 20 of 23
Answer Stats
Country From To % Correct
United States Nadi, Papeete Los Angeles
98%
South Korea Hagåtña, Saipan Seoul
98%
Japan Hagåtña, Koror, Nadi, Papeete, Saipan Tokyo
98%
Thailand Nouméa Bangkok
97%
Philippines Hagåtña, Koror, Port Moresby Manila
97%
China Nadi Beijing
95%
Indonesia Christmas Island Jakarta
95%
Malaysia Christmas Island Kuala Lumpur
95%
Taiwan Hagåtña, Koror, Nadi Taipei
95%
China Nadi Shanghai
94%
Japan Hagåtña Osaka
92%
France Nouméa, Papeete Paris
92%
United States Nadi, Papeete San Francisco
92%
Canada Nadi Vancouver
92%
China Koror, Nadi, Port Moresby, Saipan Hong Kong
87%
United States Papeete Seattle
87%
China Port Moresby Guangzhou
79%
South Korea Hagåtña Busan
77%
Cambodia Koror Phnom Penh
71%
United States Nadi Dallas
65%
Japan Hagåtña Nagoya
65%
_________ Nadi, Koror, Nouméa Singapore
60%
China Nadi Hangzhou
31%
No matching quizzes found
Score Distribution
Percent of People with Each Score
Percentile by Number Answered
Your Score History
You have not taken this quiz